000 00429nam a2200181Ia 4500
005 20250603145258.0
008 250603s9999 xx 000 0 und d
020 _a0750640820
050 _aTH 7703 .P45/
100 _aDerek Phillips
245 0 _aLighting modern buildings
260 _aOxford ; Boston
260 _bArchitectural Press
260 _c2020
300 _a234 p
650 _aOxford ; Boston
942 _cBK
999 _c41389
_d41389